| 000 | 01362cam a22002775a 4500 | ||
|---|---|---|---|
| 001 | K121106 | ||
| 008 | 190101s2019 xxk f 001 0 eng d | ||
| 020 | _a9781783213641 | ||
| 035 | _a(Sirsi) u159527 | ||
| 041 | 0 | _aeng | |
| 050 | 0 | 4 | _a692.5 $2 18 |
| 110 | 2 | _aBuilding Cost Information Service | |
| 245 | 0 | 0 |
_aBCIS Dilapidations price book _b2020 |
| 250 | _a8th | ||
| 260 |
_aLondon _bBCIS _c2019 |
||
| 300 |
_a288p _c21cm. |
||
| 350 | _a205 | ||
| 520 | _aProvides cost data for dilapidations schedules for both residential and non-residential buildings. Aims to save time and minimise disputes associated with costing schedules of dilapidations. Helps in the application of the BCIS Building Maintenance Price Book, and other estimating price books. Provides supplementary pricing information to help practitioners where changes are needed to reflect local market conditions. The data contained in the price book relates primarily to items of removal, repair, cleaning, reinstatement, new building works or decoration for residential, commercial and industrial property. It is set out in accordance with the RICS New rules of measurement. | ||
| 520 | _aSupersedes 7th ed ISBN 9781783211982 | ||
| 521 | _aAdvanced | ||
| 590 | _aKA | ||
| 650 | _aPrice books | ||
| 651 | 4 | _aUnited Kingdom | |
| 690 |
_aDilapidations _96235 |
||
| 942 | _n0 | ||
| 999 |
_c121106 _d121106 |
||